000 00680cab a2200253 4500
001 ABS55892
008 090401t1996 xxu||||| |||| 00| 0 eng d
035 _a(Sirsi) u19515
041 _aeng
245 _aAlternative land use
260 _c1996
300 _aLOAN
350 _a0
490 _aFarm Development Review
_v10(10) August 1996, (8)
520 _aArticles on wine industry developments, government planning initiatives and venison industry costings.
650 _aFARM DIVERSIFICATION
650 _aPPG7
650 _aVENSION INDUSTRY
650 _aWALES
650 _aWINE INDUSTRY
690 _aRURAL PRACTICE
942 _n0
948 _c04/03/1997
999 _c13034
_d13034